5HLuxD.jpg

KING HENRY VIII SENIOR AND PRIMARY SCHOOL LIBRARY OPAC

Beyond belief : (Record no. 3891)

000 -LEADER
fixed length control field 01071nam a22002177a 4500
005 - DATE AND TIME OF LATEST TRANSACTION
control field 20241118130913.0
008 - FIXED-LENGTH DATA ELEMENTS--GENERAL INFORMATION
fixed length control field 241118b ||||| |||| 00| 0 eng d
020 ## - INTERNATIONAL STANDARD BOOK NUMBER
International Standard Book Number 9781838914011
040 ## - CATALOGING SOURCE
Transcribing agency KH8
082 ## - DEWEY DECIMAL CLASSIFICATION NUMBER
Classification number 500 WOO
100 ## - MAIN ENTRY--PERSONAL NAME
Personal name Woolf, Alex
Relator term Author.
245 ## - TITLE STATEMENT
Title Beyond belief :
Remainder of title The Science of the Future
Statement of responsibility, etc. Alex Woolf
260 ## - PUBLICATION, DISTRIBUTION, ETC.
Place of publication, distribution, etc. London,
Name of publisher, distributor, etc. 360 Degrees,
Date of publication, distribution, etc. 2022
300 ## - PHYSICAL DESCRIPTION
Extent 64 pages :
Other physical details illustrations ;
Dimensions 29 cm
520 ## - SUMMARY, ETC.
Summary, etc. "Today's innovators are often inspired by the futuristic visions of science fiction... worlds in which humans can travel through time, teleport, upload their minds to a computer and create artificial life. But did you know that many of these strange and far-fetched ideas could one day emerge as real technologies? Learn what steps scientists are taking to make these dreams real, and what the implications may be for humanity"--Publisher's description
650 ## - SUBJECT ADDED ENTRY--TOPICAL TERM
Topical term or geographic name entry element Discoveries in science
650 ## - SUBJECT ADDED ENTRY--TOPICAL TERM
Topical term or geographic name entry element Juvenile works
650 ## - SUBJECT ADDED ENTRY--TOPICAL TERM
Topical term or geographic name entry element Science Social aspects
700 ## - ADDED ENTRY--PERSONAL NAME
Personal name Floyd, Jasmine
Relator term Illustrator
942 ## - ADDED ENTRY ELEMENTS (KOHA)
Source of classification or shelving scheme
Koha item type Books - Non Ficton
Holdings
Withdrawn status Lost status Source of classification or shelving scheme Damaged status Not for loan Collection code Permanent Location Current Location Shelving location Date acquired Total Checkouts Full call number Barcode Date last seen Date last checked out Price effective from Koha item type
          Non-Fiction KH8 Primary School Library KH8 Primary School Library Non Fiction 2024-11-18 3 500 WOO KHPL000004594 2025-12-05 2025-10-06 2024-11-18 Books - Non Ficton

Powered By KH8 IT Dept